34-広島県の市町村クイズ - Statistics

General Stats
  • This quiz has been taken 2,449 times
    2,288 since last reset
  • The average score is 15 of 23
Answers on the Map
Answers color-coded by a green-red scale on the quiz's map according to % correct below.
 
Answer Stats
Answer % Correct
広島ひろしま
90%
福山ふくやま
82%
東広島ひがしひろしま
79%
廿日市はつかいち
78%
くれ
77%
江田島えたじま
74%
尾道おのみち
74%
庄原しょうばら
73%
大崎上島おおさきかみじまちょう
67%
府中ふちゅうちょう
66%
三次みよし
66%
大竹おおたけ
65%
神石高原じんせきこうげんちょう
64%
三原みはら
64%
安芸高田あきたかた
63%
竹原たけはら
61%
北広島きたひろしまちょう
60%
さかちょう
60%
世羅せらちょう
59%
海田かいたちょう
57%
熊野くまのちょう
55%
府中ふちゅう
55%
安芸太田あきおおたちょう
54%
No matching quizzes found
Score Distribution
Percent of People with Each Score
Percentile by Number Answered
Your Score History
You have not taken this quiz since the last reset